Odgadnij morze po jego powierzchni - Statystyki

Ogólne statystyki
  • Ten quiz został rozwiązany 33 razy
  • Średni wynik to 3 z 15
Statystyki odpowiedzi
Kontynent Powierzchnia (km2) Morze/Ocean % Poprawnych
Europa 415 266 Morze Bałtyckie
100%
Międzykontynentalne/y 436 402 Morze Czarne
57%
Międzykontynentalne/y 68 556 000 Ocean Indyjski
43%
Międzykontynentalne/y 2 500 000 Morze Sródziemne
27%
Międzykontynentalne/y 76 762 000 Ocean Atlantycki
27%
Międzykontynentalne/y 460 000 Morze Czerwone
23%
Europa 196 350 Morze Egejskie
13%
Europa Ok. 90 000 Morze Białe
10%
Międzykomtynentalne/y 2 754 000 Morze Karaibskie
10%
Azja 417 000 Morze Żółte
10%
Azja 371 800 Morze Kaspijskie
7%
Międzykontynentalne/y 20 327 000 Ocean Południowy
7%
Międzykontynentalne/y 37 605 Morze Azowskie
0%
Międzykontynentalne/y 1 300 000 Morze Scotia
0%
Azja 21 827 Morze Wewnętrzne
0%
Nie znaleziono quizów pasujących do podanych kryteriów
Rozkład punktacji
Procent ludzi z każdym wynikiem
Percentyl według liczby udzielonych odpowiedzi
Twoja historia wyników
Nie rozwiązałeś tego quizu